000 00709nam a2200289Ia 4500
005 20260324124348.0
008 008 260324s9999 xx 000 0 eng d
020 _a9780203840337
037 _aEBOOK
040 _aCRL
040 _beng
040 _cCRL
041 _2eng
041 _aeng
084 _qCRL
100 _aLuke Hockley; Leslie Gardner
_91173858
245 0 _aHouse: The Wounded Healer on Television
245 0 _bJungian and Post-Jungian Reflections
260 _bTaylor and Francis
260 _c2010
365 _a
365 _b160
856 _uhttp://www.taylorfrancis.com/books/9780203840337
942 _cEBOOK
999 _c1768173
_d1768173